00000000nas 2200000zi 4500
0019.941426
003CaOODSP
00520250314150925
006m     o  d f      
007cr |||||||||||
008240802d18921969oncar p o    f0###b0fre|d
040 |aCaOODSP|bfre|erda|cCaOODSP
043 |an-cn---
0861 |aC1F-PDF
1101 |aCanada. |bMinistère du commerce, |eauteur, |eorganisme de publication.
24510|aRapport annuel du Ministère du commerce ...
2463 |aRapport annuel, Ministère du commerce
2463 |iCertains livraisons comportent le titre : |aRapport du Ministère du commerce ...
264 1|a[Ottawa] : |bMinistère du Commerce, |c1894-1970.
310 |aAnnuel
336 |atexte|btxt|2rdacontent/fre
337 |ainformatique|bc|2rdamedia/fre
338 |aressource en ligne|bcr|2rdacarrier/fre
3621 |aParaît depuis 1892/1893; ne paraît plus après 1969.
500 |aPublié aussi en anglais sous le titre : Annual report of the Department of Trade and Commerce.
500 |aL'année du rapport varie.
500 |aÉdition numérisée de l'imprimé [par Innovation, Sciences et Développement économique Canada].
515 |aRapport combiné publié pour 1932/1933 à 1948/1949; 1949 à 1955; 1956 à 1959; 1960 à 1964; le rapport de 1969 couvre la période de janvier à mars 1969.
61010|aCanada. |bMinistère du commerce,|ePériodiques
651 6|aCanada|xCommerce|vPériodiques.
655 7|aPériodiques|2rvmgf
77508|tAnnual report of the Department of Trade and Commerce ...|w(CaOODSP)9.941427
78500|tRapport annuel du Ministère de l'Industrie et du Commerce.|w(CaOODSP)9.872040